USA:s Presidenter - Statistics

General Stats
  • This quiz has been taken 2 times
  • The average score is 11 of 45
Answer Stats
Mandatperiod President % Correct
2009–2017 Barack Obama
100%
2017–2021, 2025– Donald Trump
100%
1989–1993 George H.W. Bush
100%
1789–1797 George Washington
100%
2001–2009 George W. Bush
100%
2021–2025 Joe Biden
100%
1961–1963 John F. Kennedy
100%
1861–1865 Abraham Lincoln
50%
1993–2001 Bill Clinton
50%
1933–1945 Franklin D. Roosevelt
50%
1974–1977 Gerald R. Ford
50%
1945–1953 Harry Truman
50%
1969–1974 Richard Nixon
50%
1981–1989 Ronald Reagan
50%
1901–1909 Theodore Roosevelt
50%
1829–1837 Andrew Jackson
0%
1865–1869 Andrew Johnson
0%
1889–1893 Benjamin Harrison
0%
1923–1929 Calvin Coolidge
0%
1881–1885 Chester A. Arthur
0%
1953–1961 Dwight D. Eisenhower
0%
1853–1857 Franklin Pierce
0%
1885–1889, 1893–1897 Grover Cleveland
0%
1929–1933 Herbert Hoover
0%
1857–1861 James Buchanan
0%
1881 James Garfield
0%
1845–1849 James K. Polk
0%
1809–1817 James Madison
0%
1817–1825 James Monroe
0%
1977–1981 Jimmy Carter
0%
1797–1801 John Adams
0%
1825–1829 John Quincy Adams
0%
1841–1845 John Tyler
0%
1963–1969 Lyndon B. Johnson
0%
1837–1841 Martin Van Buren
0%
1850–1853 Millard Fillmore
0%
1877–1881 Rutherford B. Hayes
0%
1801–1809 Thomas Jefferson
0%
1869–1877 Ulysses S. Grant
0%
1921–1923 Warren Harding
0%
1841 William Henry Harrison
0%
1897–1901 William McKinley
0%
1909–1913 William Taft
0%
1913–1921 Woodrow Wilson
0%
1849–1850 Zachary Taylor
0%
No matching quizzes found
Score Distribution
Percent of People with Each Score
Percentile by Number Answered
Your Score History
You have not taken this quiz